000 01372 a2200253 4500
005 20260203172143.0
008 260203b |||||||| |||| 00| 0 eng d
020 _a9789389012491 (सेट) (hbk)
037 _cREF
040 _aCRL
_cCRL
041 _2hin
_ahin
_hurd
084 _aO168,3N28x 152R0.1-.4 (RR)
_qCRL
100 _aहैदर, कुर्रतुलाईन
_9860079
245 _aकारे जहाँ दराज है :
_bआत्मकथात्मक उपन्यास
260 _aनयी दिल्ली, भारत:
_bवाणी प्रकाशन,
_c2020.
300 _aखंड 1 (1-330पृ.), खंड 2 (1-474पृ.), खंड 3 (1-519पृ.), खंड 4 (1-542पृ.)
365 _b6000.00
_cINR
546 _aTranslated from Urdu to Hindi
650 _aउर्दू साहित्य
_91113477
650 _aउर्दू कहानी
_91113478
700 _aअहमद, इरफान
_eअनुवादक
_91113479
942 _cREF
_2CC
_n0
_hO168,3N28x 152R0.1-.4 (RR)
999 _c1466560
_d1466560